书目信息 |
| 题名: |
时间之谜
|
|
| 作者: | 杰斯珀森 著 | |
| 分册: | ||
| 出版信息: | 北京 计量出版社 1984.4 |
|
| 页数: | 191页 | |
| 开本: | 20cm | |
| 丛书名: | ||
| 单 册: | ||
| 中图分类: | TB935 | |
| 科图分类: | ||
| 主题词: | 力学--计量 | |
| 电子资源: | ||
| ISBN: | ||
| 000 | 00536nam0 2200193 45 | |
| 001 | 0312221749 | |
| 005 | 20031222170910.2 | |
| 010 | @dCNY0.86 | |
| 100 | @a20031222d1984 km y0chiy0120 ea | |
| 101 | @achi | |
| 105 | @a z 000yy | |
| 200 | 1 | @a时间之谜@AShi Jian Zhi Mi@f杰斯珀森等著@FJie Si Po Sen Deng Zhu@e从日规到原子钟 |
| 210 | @a北京@c计量出版社@d1984.4 | |
| 215 | @a191页@d20cm | |
| 606 | 0 | @a力学@x计量 |
| 690 | @aTB935@v3 | |
| 701 | 0 | @a杰斯珀森@4著 |
| 801 | @aCN@bTSTCL@c20031222 | |
| 905 | @a213230@dTB935@e44@b105131-133@f3 | |
| 时间之谜/杰斯珀森等著:从日规到原子钟.-北京:计量出版社,1984.4 |
| 191页;20cm |
| ISBN :CNY0.86 |
| ● |
| 相关链接 |
|
|
|
|
正题名:时间之谜
索取号:TB935/44
 
预约/预借
| 序号 | 登录号 | 条形码 | 馆藏地/架位号 | 状态 | 备注 |
| 1 | 0105131 | 001361957 | 第三借阅区/ [索取号:TB935/44] | 在馆 | |
| 2 | 0105132 | 001361911 | 第三借阅区/ [索取号:TB935/44] | 在馆 | |
| 3 | 0105133 | 001697499 | 第二样本阅览室/ [索取号:TB935/44] | 在馆 |